000 00637nam a2200241Ia 4500
003 OSt
005 20221005035443.0
006 a|||||r|||| 00| 0
007 ta
008 221004b |||||||| |||| 00| 0 eng d
024 _a35723
037 _cTextual
040 _aCRL
_cCRL
_beng
041 _2eng
_aeng
082 _aO111,1L72:g, K7
100 _aJaggi Satya Dev
245 0 _aColeridge's and Yeast's theory of poetry
260 _aDelhi
_bKhosla
_c1967
300 _a109p.
_ccm.
650 _aENGLISH LITERATURE
942 _hO111,1L72:g, K7
_cTEXL
_2cc
999 _c945118
_d945118